| 000 | 01227nam a2200289 i 4500 | ||
|---|---|---|---|
| 003 | DO-SdBNP | ||
| 005 | 20250512130422.0 | ||
| 007 | ta | ||
| 008 | 250512b2025 dr | 5||| 00| 0 spa d | ||
| 020 | _a9789945290769 | ||
| 040 |
_aDO-SdBNP _bspa _cBNPHU _erda |
||
| 082 |
_axxxx _bL864 _222 |
||
| 100 | 1 |
_aLópez de Méndez, Olga _eautora _4aut. _937867 |
|
| 245 | 1 | 3 |
_aColirio para tus ojos / _cOlga López de Méndez ; asesor Domingo Manuel Méndez ; edición Gisella Herazo Barrios |
| 264 | 1 |
_aSanto Domingo : _bMade Gómez Grupo de Impresión, _c2025. |
|
| 300 |
_a271 páginas : _c23 cm. |
||
| 336 |
_atexto _btxt _2rdacontent |
||
| 337 |
_asin mediación _bn _2rdamedia |
||
| 338 |
_avolumen _bnc _2rdacarrier |
||
| 500 | _aEdición masculina. | ||
| 520 | _aconsejos de Dios para Su pueblo con la finalidad de que pueda ser un pueblo que exhiba Su nombre en medio del caos que impera en el mundo dichos consejos se sustenta en la biblia según los nombres con que el mismo se dio a conocer desde la antigüedad | ||
| 590 | _aInventariado, 2025/ YL | ||
| 700 | 1 |
_aMéndez, Domingo Manuel _easesor _4as. _987743 |
|
| 700 | 1 |
_aHerazo Barrios, Gisella _eedición _4ed. _987754 |
|
| 910 | _aYLockward | ||
| 942 |
_2ddc _cLBS1 |
||
| 999 |
_c59011 _d59011 |
||